Music Quiz

Random Music or Album Quiz

Coldplay Albums Quiz Stats

Quiz Updated Dec 31, 2015

Also try: Coldplay Songs
Challenge
Share
Tweet
Embed
Score 0/7 Timer 03:00
1 Play Today
Year Album % Correct
2005X & Y
92.3%
2008Viva la Vida or Death and All His Friends
89.4%
2000Parachutes
88%
2002A Rush of Blood to the Head
85%
2011Mylo Xyloto
78.7%
2015A Head Full of Dreams
78.7%
2014Ghost Stories
70.3%

You're not logged in!

Compare scores with friends on all Sporcle quizzes.
Sign Up with Email
OR
Log In

You Might Also Like...

Show Comments

Extras

Top Quizzes Today


Score Distribution

Your Account Isn't Verified!

In order to create a playlist on Sporcle, you need to verify the email address you used during registration. Go to your Sporcle Settings to finish the process.